| 000 | 02255nam a2200373Ia 4500 | ||
|---|---|---|---|
| 001 | ebr10135681 | ||
| 003 | CaPaEBR | ||
| 006 | m u | ||
| 007 | cr cn||||||||| | ||
| 008 | 030522s2004 nyua sb 001 0 eng d | ||
| 010 | _z 2003044241 | ||
| 020 | _z1403982481 | ||
| 020 | _z1403962960 | ||
| 040 |
_aCaPaEBR _cCaPaEBR |
||
| 035 | _a(OCoLC)560469070 | ||
| 050 | 1 | 4 |
_aPR408.A7 _bA66 2004eb |
| 082 | 0 | 4 |
_a823.009/351 _221 |
| 245 | 0 | 0 |
_aAdapting the Arthurian legends for children _h[electronic resource] : _bessays on Arthurian juvenalia / _cedited by Barbara Tepa Lupack. |
| 250 | _a1st ed. | ||
| 260 |
_aNew York : _bPalgrave Macmillan, _c2004. |
||
| 300 |
_axxi, 320 p. : _bill. |
||
| 490 | 1 | _aStudies in Arthurian and courtly cultures | |
| 504 | _aIncludes bibliographical references and index. | ||
| 505 | 0 | _aLe morte darthur for children: Malory's third tradition -- Text, image, and swords of empowerment in recent Arthurian picture books -- The case of the disappearing text: Connecticut yankee for kids -- Deceptive simplicity: children's versions of Sir Gawain and the green knight -- The sense of place in Arthurian fiction for younger readers -- Susan Cooper's "The dark is rising" -- Interview with Susan Cooper -- Swords, grails, and bag-puddings: a survey of children's poetry and plays -- Arthurian youth groups in America: the Americanization of knighthood -- Good King Arthur: Arthurian music for children -- Once and future kings: the return of King Arthur in the comics -- Camelot on camera: the Arthurian legends and children's film. | |
| 533 |
_aElectronic reproduction. _bPalo Alto, Calif. : _cebrary, _d2011. _nAvailable via World Wide Web. _nAccess may be limited to ebrary affiliated libraries. |
||
| 650 | 0 |
_aArthurian romances _xAdaptations _xHistory and criticism. |
|
| 650 | 0 |
_aChildren's literature, English _xHistory and criticism. |
|
| 650 | 0 |
_aChildren's literature, American _xHistory and criticism. |
|
| 655 | 7 |
_aElectronic books. _2local |
|
| 700 | 1 | _aLupack, Barbara Tepa. | |
| 710 | 2 | _aebrary, Inc. | |
| 830 | 0 | _aStudies in Arthurian and courtly cultures. | |
| 856 | 4 | 0 |
_uhttp://site.ebrary.com/lib/rucke/Doc?id=10135681 _zAn electronic book accessible through the World Wide Web; click to view |
| 999 |
_c86978 _d86978 |
||